|
|
|
|
| LEADER |
02247nam a2200589 a 4500 |
| 001 |
nkc20112181647 |
| 003 |
CZ PrNK |
| 005 |
20110616093945.0 |
| 007 |
ta |
| 008 |
110407s2011 xr ac e 001 0 cze |
| 015 |
|
|
|a cnb002181647
|
| 020 |
|
|
|a 978-80-7368-938-4
|q (váz.)
|
| 035 |
|
|
|a (OCoLC)730408852
|
| 040 |
|
|
|a OLA001
|b cze
|d ABA001
|
| 041 |
0 |
|
|a cze
|b eng
|b rus
|
| 072 |
|
7 |
|a 82.0
|x Literatura (teorie)
|2 Konspekt
|9 11
|
| 080 |
|
|
|a 82.07
|2 MRF
|
| 080 |
|
|
|a 801.73
|2 MRF
|
| 080 |
|
|
|a 165
|2 MRF
|
| 080 |
|
|
|a 82.0
|2 MRF
|
| 080 |
|
|
|a (049)
|2 MRF
|
| 100 |
1 |
|
|a Mikulášek, Miroslav,
|d 1930-
|7 jk01081627
|4 aut
|
| 245 |
1 |
0 |
|a Via cordis: ars interpretationis hermeneuticae :
|b duchovědné paradigma literární hermeneutiky /
|c Miroslav Mikulášek
|
| 246 |
3 |
0 |
|a Via cordis
|
| 246 |
3 |
0 |
|a Ars interpretationis hermeneuticae
|
| 246 |
3 |
0 |
|a Duchovědné paradigma literární hermeneutiky
|
| 250 |
|
|
|a Vyd. 1.
|
| 260 |
|
|
|a V Ostravě :
|b Filozofická fakulta Ostravské univerzity,
|c 2011
|
| 300 |
|
|
|a 195 s. :
|b il. (převážně barev.) portréty ;
|c 22 cm
|
| 490 |
1 |
|
|a Spis Ostravské univerzity v Ostravě ;
|v č. 234/2011
|
| 500 |
|
|
|a 200 výt.
|
| 504 |
|
|
|a Obsahuje bibliografii, bibliografické odkazy a rejstřík
|
| 546 |
|
|
|a Anglické a ruské resumé
|
| 650 |
0 |
7 |
|a interpretace a přijetí literárního díla
|7 ph137145
|x metodologie
|2 czenas
|
| 650 |
0 |
7 |
|a vnímání literárního díla
|7 ph274709
|2 czenas
|
| 650 |
0 |
7 |
|a hermeneutika
|7 ph120687
|2 czenas
|
| 650 |
0 |
7 |
|a poznání
|7 ph115851
|2 czenas
|
| 650 |
0 |
7 |
|a literární estetika
|7 ph122381
|2 czenas
|
| 650 |
0 |
9 |
|a interpretation and reception of literature
|x methodology
|2 eczenas
|
| 650 |
0 |
9 |
|a perception of literature
|2 eczenas
|
| 650 |
0 |
9 |
|a hermeneutics
|2 eczenas
|
| 650 |
0 |
9 |
|a knowledge
|2 eczenas
|
| 650 |
0 |
9 |
|a aesthetics of literature
|2 eczenas
|
| 655 |
|
7 |
|a pojednání
|7 fd133056
|2 czenas
|
| 655 |
|
9 |
|a essays
|2 eczenas
|
| 810 |
2 |
|
|a Ostravská univerzita.
|b Filozofická fakulta.
|t Spisy
|0 s
|
| 910 |
2 |
|
|a BOA001
|b 2-1265.692
|
| 928 |
9 |
|
|a Ostravská univerzita, Filozofická fakulta
|
| 990 |
|
|
|a BK
|
| 995 |
|
|
|a 01
|
| 991 |
|
|
|b 201105
|c NOV
|e n
|
| 996 |
6 |
|
|b 2610478008
|c 2-1265.692
|l MZK
|r Sklad / do 1 hodiny
|n 0
|p p.v.
|w 001179077
|u 000010
|a 1
|e BOA001
|j MZK50
|s P
|